000 00570nam a2200193Ia 4500
005 20250326143922.0
008 250326s9999 xx 000 0 und d
037 _aTextbook
040 _aFMSL
_beng
_cFMSL
041 _aeng
_2eng
084 _aX8(A):8.4 P3
_qFMSL
100 _aMacarov D
_9127293
245 0 _aWhat the market does to the people privatization, globalization & poverty
_cMacarov D
260 _aLondon
_bLondon, Zed Books
_c2007
300 _a183p
365 _b115142.30598
942 _cTB
_hX8(A):8.4 P3
999 _c1301613
_d1301613